| 000 | 01170cab a2200217 4500 | ||
|---|---|---|---|
| 001 | ##L134616 | ||
| 008 | 060818n2006 000 0 eng u | ||
| 035 | _a(Sirsi) u134616 | ||
| 041 | 0 | _aeng | |
| 100 | 1 | _aErwin, David | |
| 245 | 0 | 0 | _aWhich locations offer the best potential returns for UK retail investors? |
| 260 | _c2006 | ||
| 490 | 0 |
_aJournal of Retail and Leisure Property _v5(2) 2006, 104-116(13) |
|
| 520 | _aDiscusses the Cushman and Wakefield TopTowns model and how it attempts to gauge the real estate investment potential of 300 top retail locations in the UK. The model was developed following a period of strong outperformance by property returns relative to other asset classes. Competition for this investment medium is increasingly evident, requiring a higher level of sophistication in the investment decision-making process to identify long-term targets at a town level. Tables and graphs. [Taken from journal abstract]. | ||
| 590 | _aIKA220806 NTK | ||
| 651 | 4 |
_aUnited Kingdom _y |
|
| 690 | _aPROPERTY-PROPERTY FINANCE AND INVESTMENT-PROPERTY INVESTMENT APPRAISAL | ||
| 700 | 1 | _aHarding, Emma | |
| 700 | 1 | _aBhogal, Indeesh | |
| 942 | _n0 | ||
| 999 |
_c77590 _d77590 |
||